banner-ar

حقائق عن الارض / (Record no. 45863)

MARC details
000 -الفاتح
حقل البيانات ثابتة الطول 00641nam a2200217Ia 4500
008 - عناصر البيانات ثابتة الطول - معلومات عامة
حقل البيانات ثابتة الطول 140319s9999 xx 000 0 ara d
040 ## - مصدر الفهرسة
وكالة الفهرسة الأصلية GCL /
وكالة النسخ GCL
082 04 - رقم تصنيف ديوى العشرى
رقم التصنيف 550
رقم المادة م ح
100 1# - المدخل الرئيسى - إسم شخصى
الإسم الشخصى فؤاد عباس
245 10 - بيان العنوان
العنوان حقائق عن الارض /
بيان المسئوليه,etc فؤاد عباس
700 1# - المدخل الاضافى - اسم شخصى
الإسم الشخصى فؤاد عبدالعال
700 1# - المدخل الاضافى - اسم شخصى
الإسم الشخصى الشاذلى محمد الشاذلى
700 1# - المدخل الاضافى - اسم شخصى
الإسم الشخصى مور، باتريك
300 ## - الوصف المادى
التعداد 171 ص
490 ## - بيان السلسلة
عنوان السلسلة الالف كتاب
رقم المجلد/ التعيين التسلسلي 0
650 04 - المدخل الاضافى بالموضوع-مصطلح موضوعى
مصطلح موضوعي الجيولوجيا البنائية
650 04 - المدخل الاضافى بالموضوع-مصطلح موضوعى
مصطلح موضوعي العصور الجيولوجية
650 04 - المدخل الاضافى بالموضوع-مصطلح موضوعى
مصطلح موضوعي الارض - نشأة
942 ## - عناصر المدخل الإضافي( كوها)
مصدر التصنيف او مخطط الترفيف Dewey Decimal Classification
Koha [default] item type كتاب
Holdings
حالة التراجع حالة الفقد حالة تلف ليس للاعارة المكان المؤقت الموقع الحالى تاريخ الاكتساب اجمالي اﻻعارات رقم الطلب الباركود تاريخ اخر مشاهدة تاريخ تفعيل السعر نوع وعاء كوها
        مكتبة القاهرة الكبرى مكتبة القاهرة الكبرى 03/26/2014   550\م ح 111761 03/26/2014 03/26/2014 كتاب

Powered By

EGPV